| 000 | 00612nam a2200169Ia 4500 | ||
|---|---|---|---|
| 008 | 100122s9999 xx 000 0 und d | ||
| 082 |
_b73305 _a641.5 |
||
| 100 | _aमोने उत्तरा | ||
| 245 | _aफेस्टीवल फुडस् ( क.क्र.8/1) | ||
| 250 | _a1 | ||
| 260 |
_bआयडियल पुस्तक त्रिवेणी _c2007 |
||
| 300 | _a91 | ||
| 630 | _aफेस्टीवल फुडस् ( क.क्र.8/1) | ||
| 700 | _aमोने उत्तरा | ||
| 730 | _aफेस्टीवल फुडस् ( क.क्र.8/1) | ||
| 942 | _cBOOK | ||
| 999 |
_c389253 _d389250 |
||